Becoming a critical thinker : (Record no. 7595)
[ view plain ]
| 000 -LEADER | |
|---|---|
| fixed length control field | 00934cam a2200301 a 4500 |
| 001 - CONTROL NUMBER | |
| control field | 16798033 |
| 003 - CONTROL NUMBER IDENTIFIER | |
| control field | OSt |
| 005 - DATE AND TIME OF LATEST TRANSACTION | |
| control field | 20250101104248.0 |
| 008 - FIXED-LENGTH DATA ELEMENTS--GENERAL INFORMATION | |
| fixed length control field | 110526s2012 maua 001 0 eng |
| 010 ## - LIBRARY OF CONGRESS CONTROL NUMBER | |
| LC control number | 2011021583 |
| 020 ## - INTERNATIONAL STANDARD BOOK NUMBER | |
| International Standard Book Number | 9780205063451 |
| 020 ## - INTERNATIONAL STANDARD BOOK NUMBER | |
| International Standard Book Number | 9780205063451 |
| 035 ## - SYSTEM CONTROL NUMBER | |
| System control number | (OCoLC)ocn727610632 |
| 040 ## - CATALOGING SOURCE | |
| Original cataloging agency | DLC |
| Transcribing agency | DLC |
| Modifying agency | YDX |
| -- | YDXCP |
| -- | BWX |
| -- | DLC |
| 042 ## - AUTHENTICATION CODE | |
| Authentication code | pcc |
| 050 00 - LIBRARY OF CONGRESS CALL NUMBER | |
| Classification number | B809.2 |
| Item number | .D54 2012 |
| 082 00 - DEWEY DECIMAL CLASSIFICATION NUMBER | |
| Classification number | 370.152 D54 2012 |
| Edition number | 6th ed |
| 100 1# - MAIN ENTRY--PERSONAL NAME | |
| Personal name | Diestler, Sherry. |
| 245 10 - TITLE STATEMENT | |
| Title | Becoming a critical thinker : |
| Remainder of title | a user friendly manual / |
| Statement of responsibility, etc. | Sherry Diestler. |
| 250 ## - EDITION STATEMENT | |
| Edition statement | 6th ed. |
| 260 ## - PUBLICATION, DISTRIBUTION, ETC. | |
| Place of publication, distribution, etc. | Boston : |
| Name of publisher, distributor, etc. | Pearson, |
| Date of publication, distribution, etc. | 2012. |
| 300 ## - PHYSICAL DESCRIPTION | |
| Extent | 495 p. : |
| Other physical details | col. ill. ; |
| Dimensions | 26 cm. |
| 500 ## - GENERAL NOTE | |
| General note | Includes index. |
| 650 #0 - SUBJECT ADDED ENTRY--TOPICAL TERM | |
| Topical term or geographic name entry element | Critical thinking |
| Form subdivision | Textbooks. |
| 906 ## - LOCAL DATA ELEMENT F, LDF (RLIN) | |
| a | 7 |
| b | cbc |
| c | orignew |
| d | 1 |
| e | ecip |
| f | 20 |
| g | y-gencatlg |
| 942 ## - ADDED ENTRY ELEMENTS (KOHA) | |
| Source of classification or shelving scheme | Dewey Decimal Classification |
| Koha item type | English Book |
| Suppress in OPAC | No |
| Withdrawn status | Lost status | Source of classification or shelving scheme | Damaged status | Not for loan | Home library | Current library | Date acquired | Total Checkouts | Full call number | Barcode | Date last seen | Copy number | Price effective from | Koha item type |
|---|---|---|---|---|---|---|---|---|---|---|---|---|---|---|
| Dewey Decimal Classification | KHOBAR | KHOBAR | 01/01/2025 | 370.152 D54 2012 | 1000000034699 | 01/01/2025 | C1 | 01/01/2025 | English Book | |||||
| Dewey Decimal Classification | KHOBAR | KHOBAR | 01/01/2025 | 370.152 D54 2012 | 1000000034698 | 01/01/2025 | C2 | 01/01/2025 | English Book | |||||
| Dewey Decimal Classification | KHOBAR | KHOBAR | 01/01/2025 | 370.152 D54 2012 | 1000000034697 | 01/01/2025 | C3 | 01/01/2025 | English Book |
